|
|
|
|
| LEADER |
00000nta a2200000 i 4500 |
| 001 |
dolg25695 |
| 005 |
20221012154811.0 |
| 008 |
200619suuuu hu om 000 hun d |
| 040 |
|
|
|a BGE Dolgozattár Repozitórium
|b hun
|
| 041 |
|
|
|a hu
|
| 100 |
1 |
|
|a Szlobodnyik Judit
|
| 245 |
1 |
0 |
|a Gyógyszeripari rendeletmódosítás hatásának vizsgálata
|b Ki a jobb orvoslátogató? A diplomás orvos/gyógyszerész vagy az egyéb felsőfokú végzettséggel rendelkező képviselő
|c Szlobodnyik Judit
|h [elektronikus dokumentum]
|
| 695 |
|
|
|a Gyógyszermarketing
|
| 695 |
|
|
|a Orvoslátogatás
|
| 700 |
1 |
|
|a Nincs adat Nincs adat
|e ths
|
| 856 |
4 |
0 |
|u http://dolgozattar.uni-bge.hu/25695/1/D_10633.pdf
|z Dokumentum-elérés
|